000 01771nam a22002777a 4500
999 _c64117
_d64117
003 Ge_BSU
005 20260408104649.0
008 260408s2020 ge ||||| |||| 00| 0 geo d
020 _a9789941257995
041 _ageo
080 _a546(076.5) ფ-34
100 _aფაჩულია, ზურაბ
_9633
245 _aზოგადი და არაორგანული ქიმიის ლაბორატორიული პრაქტიკუმი :
_b[დამხმარე სახელმძღვანელო] /
_cზურაბ ფაჩულია, ნინო ნიკოლაძე, ემა ჭურღულია; რედაქტორი შ. სიდამონიძე; სოხუმის სახელმწ. უნივერსიტეტი.
264 _aთბილისი :
_bმერიდიანი,
_c2020.
300 _a240 გვ. ;
_b20 სმ.
504 _aბიბლიოგრაფია: გვ. 238.
653 _aარაორგანული ქიმია
653 _aქიმიის ლაბორატორიაში მუშაობის წესი
653 _aრეაქტივებით სარგებლობის წესები
653 _aქიმიური ჭურჭლები და ხელსაწყოები
700 _aნიკოლაძე, ნინო
_eავტორი
_927281
700 _aჭურღულია, ემა
_eავტორი
_927282
700 _aსიდამონიძე, შ.
_eრედაქტორი
_927283
710 _aსოხუმის სახელმწ. უნივერსიტეტი
_927284
942 _2udc
_cᲬᲘᲒᲜᲘ